| 000 | 01056nac a22002531u 4500 | ||
|---|---|---|---|
| 010 | _a 95042176 | ||
| 020 | _a0873716817 (alk. paper) | ||
| 082 | 0 | 0 |
_a658.4 _bPET |
| 090 |
_c8883 _d8883 |
||
| 100 | _aPeterson, Robert D. | ||
| 245 | 1 | 4 |
_aThe complete guide to OSHA compliance / _cJoel Cohen and Robert Peterson. |
| 260 |
_aBoca Raton, Fla. : _bLewis,1996 _cc1996. |
||
| 300 |
_ax, 395 p. ; _c24 cm. |
||
| 500 | _aDistributed by Al Magmoa Al Elmeya | ||
| 504 | _aIncludes bibliographical references and index. | ||
| 511 | _aCatalogued by: Sara | ||
| 650 | 0 |
_aIndustrial safety _zUnited States _xHandbooks, manuals, etc. |
|
| 650 | 0 |
_aIndustrial safety _xLaw and legislation _zUnited States _xHandbooks, manuals, etc. |
|
| 650 | 0 | _aEnvironmental law | |
| 700 | 1 | _aCohen, Joel M. | |
| 856 | 4 | 2 |
_3Publisher description _uhttp://www.loc.gov/catdir/enhancements/fy0646/95042176-d.html |
| 942 |
_cBB _k658.4PET |
||
| 999 |
_c8883 _d8883 |
||